000 00257nam a22001097a 4500
082 _a333
100 _aVision,IAS
_981515
245 _aGeneral Studies Notes Enviroment -1 06/22
260 _aDelhi
_bVision,IAS
_c2022
650 _aEnvironment
942 _cBK
999 _c65555
_d65555